000 00478nam a2200169Ia 4500
008 180921t2013 xxu||||| |||| 00| 0 sin d
041 _asin
080 _aX92
_bSAN
100 _aSannasgala,Upul Shantha
245 _aසංවාද සංයෝජනා හයවන පියවර
246 _aSanwada Sanyojana,Hayawana Piyawara
260 _bSanhida
_aNugegoda
_c2013
300 _b115p, 19cm
942 _cBK
999 _c4889
_d4889
003 LK-CoDNM
040 _aLK-CoDNM
_dLK-CoDNM
_eLK-CoDNM